<?xml version="1.0" encoding="UTF-8"?><?xml-stylesheet type="text/xsl" href="static/style.xsl"?><OAI-PMH xmlns="http://www.openarchives.org/OAI/2.0/" xmlns:xsi="http://www.w3.org/2001/XMLSchema-instance" xsi:schemaLocation="http://www.openarchives.org/OAI/2.0/ http://www.openarchives.org/OAI/2.0/OAI-PMH.xsd"><responseDate>2026-04-18T04:14:56Z</responseDate><request verb="GetRecord" identifier="oai:www.recercat.cat:20.500.12327/549" metadataPrefix="marc">https://recercat.cat/oai/request</request><GetRecord><record><header><identifier>oai:recercat.cat:20.500.12327/549</identifier><datestamp>2025-10-22T11:02:56Z</datestamp><setSpec>com_2072_4428</setSpec><setSpec>com_2072_4427</setSpec><setSpec>col_2072_487898</setSpec></header><metadata><record xmlns="http://www.loc.gov/MARC21/slim" xmlns:dcterms="http://purl.org/dc/terms/" xmlns:xsi="http://www.w3.org/2001/XMLSchema-instance" xmlns:doc="http://www.lyncode.com/xoai" xsi:schemaLocation="http://www.loc.gov/MARC21/slim http://www.loc.gov/standards/marcxml/schema/MARC21slim.xsd">
   <leader>00925njm 22002777a 4500</leader>
   <datafield ind2=" " ind1=" " tag="042">
      <subfield code="a">dc</subfield>
   </datafield>
   <datafield ind2=" " ind1=" " tag="720">
      <subfield code="a">Costa-Hurtado, Mar</subfield>
      <subfield code="e">author</subfield>
   </datafield>
   <datafield ind2=" " ind1=" " tag="720">
      <subfield code="a">Garcia-Rodriguez, Laura</subfield>
      <subfield code="e">author</subfield>
   </datafield>
   <datafield ind2=" " ind1=" " tag="720">
      <subfield code="a">Lopez-Serrano, Sergi</subfield>
      <subfield code="e">author</subfield>
   </datafield>
   <datafield ind2=" " ind1=" " tag="720">
      <subfield code="a">Aragon, Virginia</subfield>
      <subfield code="e">author</subfield>
   </datafield>
   <datafield ind2=" " ind1=" " tag="260">
      <subfield code="c">2019-09-23</subfield>
   </datafield>
   <datafield ind2=" " ind1=" " tag="520">
      <subfield code="a">Haemophilus parasuis is part of the microbiota of the upper respiratory tract in swine. However, virulent strains can cause a systemic disease known as Glässer’s disease. Several virulence factors have been described in H. parasuis including the virulence-associated trimeric autotransporters (VtaAs). VtaA2 is up-regulated during infection and is only found in virulent strains. In order to determine its biological function, the vtaA2 gene was cloned with its native promotor region in pACYC184, and the transformed Escherichia coli was used to perform functional in vitro assays. VtaA2 was found to have a role in attachment to plastic, mucin, BSA, fibronectin and collagen. As other VtaAs from H. parasuis, the passenger domain of VtaA2 contains collagen domains. In order to examine the contribution of the collagen repeats to VtaA2 function, a recombinant vtaA2 without the central collagen domains was obtained and named vtaA2OL. VtaA2OL showed similar capacity than VtaA2 to adhere to plastic, mucin, BSA, fibronectin and plasma but a reduced capacity to adhere to collagen, suggesting that the collagen domains of VtaA2 are involved in collagen attachment. No function in cell adhesion and invasion to epithelial alveolar cell line A549 or unspecific binding to primary alveolar macrophages was found. Likewise VtaA2 had no role in serum or phagocytosis resistance. We propose that VtaA2 mediates adherence to the host by binding to the mucin, found in the upper respiratory tract mucus, and to the extracellular matrix proteins, present in the connective tissue of systemic sites, such as the serosa.</subfield>
   </datafield>
   <datafield ind1="8" ind2=" " tag="024">
      <subfield code="a">Costa-Hurtado, Mar, Laura Garcia-Rodriguez, Sergi Lopez-Serrano, and Virginia Aragon. 2019. "Haemophilus Parasuis Vtaa2 Is Involved In Adhesion To Extracellular Proteins". Veterinary Research 50 (1). Springer Science and Business Media LLC. doi:10.1186/s13567-019-0687-2.</subfield>
   </datafield>
   <datafield ind1="8" ind2=" " tag="024">
      <subfield code="a">0928-4249</subfield>
   </datafield>
   <datafield ind1="8" ind2=" " tag="024">
      <subfield code="a">http://hdl.handle.net/20.500.12327/549</subfield>
   </datafield>
   <datafield ind1="8" ind2=" " tag="024">
      <subfield code="a">https://doi.org/10.1186/s13567-019-0687-2</subfield>
   </datafield>
   <datafield ind2="0" ind1="0" tag="245">
      <subfield code="a">Haemophilus parasuis VtaA2 is involved in adhesion to extracellular proteins</subfield>
   </datafield>
</record></metadata></record></GetRecord></OAI-PMH>